000 013130000a22003130004500
003 EG-GICUC
005 20250223024848.0
008 070513s2001 ua a f m 000 0 eng d
040 _aEG-GICUC
_beng
_cEG-GICUC
041 0 _aEng
049 _aDeposite
097 _aPh.D
099 _aCai01.07.13.Ph.D.2001.Ma.E
100 0 _aMagdy Abd El fattah Ibrahim
245 1 4 _aThe effect of different water regimes on morphlogical , physiological and anatomical characteristics of some citrus rootstocks /
_cMagdy Abd El fattah Ibrahim ; Supervised Ahmed E.Kilany , Ahmed A.Elobaidy
246 1 5 _aتاثير بعض المقتنات المائية المختلفة على الصفات الموروفولوجية و الفسيولوجية و التشريحية لبعض اصول الموالح
260 _aCairo :
_bMagdy Abd El fattah Ibrahim ,
_c2001
300 _a137p :
_bill ;
_c30cm
502 _aThesis (PH.D.) - Cairo University - Faculty Of Agriculture - Department Of Pomology
530 _aIssued also as CD
653 4 _aCitrus rootstocks
653 4 _aWater regimes
700 0 _aAhmed A.Elobaidy ,
_eSupervisor
700 0 _aAhmed Elsaed Kilany ,
_eSupervisor
856 _uhttp://172.23.153.220/th.pdf
905 _aMustafa
_eRevisor
905 _aNazla
_eCataloger
942 _2ddc
_cTH
999 _c605
_d605